000 00800nas a2200241 4500
001 BR8707366
003 BR-BrBNA
005 20231205090928.0
007 ta
008 230509b bl.|||p| |||| 00| 00por d
040 _aBR-BrBNA
_bpor
_cBiblioteca Nacional de Agricultura
041 _a(Pt)
072 _aL40
100 1 _aPrada, I.L. de S.
100 1 _aFernandes Filho, A.
100 1 _aBorelli, V.
245 1 _aContribuicao ao estudo de sistema excretor do pancreas em equinos puro sangue ingles
650 _aPURO SANGUE INGLES
650 _aPANCREAS
773 0 _tRevista da Faculdade de Medicina Veterinaria e Zootecnia da Universidade de Sao Paulo (Brazil)
_xISSN 0303-7525
_g(1986), v. 23(1) p. 7-23
_wBR8707366
909 _a202311
_bLúcia
_c55
_dLúcia Elande
942 _2AGRIS
_n0
_cANA
999 _c121684
_d121684